<?xml version="1.0" encoding="UTF-8"?>
<marc:record xmlns:marc="http://www.loc.gov/MARC21/slim">
   <marc:leader>00000nam a2200000 a 4500</marc:leader>
   <marc:datafield ind1="1" ind2=" " tag="100">
      <marc:subfield code="a">Jacobi, Charlotte</marc:subfield>
      <marc:subfield code="4">aut</marc:subfield>
      <marc:subfield code="e">Verfasser/-in</marc:subfield>
   </marc:datafield>
   <marc:datafield ind1=" " ind2=" " tag="653">
      <marc:subfield code="a">Liebe</marc:subfield>
   </marc:datafield>
   <marc:datafield ind1=" " ind2=" " tag="653">
      <marc:subfield code="a">Nationalsozialismus</marc:subfield>
   </marc:datafield>
   <marc:datafield ind1=" " ind2=" " tag="653">
      <marc:subfield code="a">Familiensaga</marc:subfield>
   </marc:datafield>
   <marc:datafield ind1="0" ind2="0" tag="245">
      <marc:subfield code="a">Sehnsucht nach der Villa am Elbstrand</marc:subfield>
   </marc:datafield>
   <marc:datafield ind1="0" ind2="0" tag="245">
      <marc:subfield code="b">Roman</marc:subfield>
   </marc:datafield>
   <marc:datafield ind1=" " ind2="1" tag="264">
      <marc:subfield code="b">Piper</marc:subfield>
      <marc:subfield code="c">2019</marc:subfield>
   </marc:datafield>
   <marc:datafield ind1="1" ind2=" " tag="520">
      <marc:subfield code="a">Hamburg zu Beginn des Jahres 1933: Während die Reedereifamilie Nieland versucht, das Überleben ihres Unternehmens zu sichern, verschärft sich das politische Klima zusehends. Die Hetze der Nationalsozialisten macht auch vor der alteingesessenen Familie nicht halt. Die freigeistige Hilde Timmlein, die sich unsterblich in den jüngsten Nieland-Erben verliebt hat, muss nun am eigenen Leib erfahren, welche Gefahren der Krieg mit sich bringt. Als Modeberaterin einer bekannten Sängerin bereist sie das Reich und leistet Widerstand gegen das Regime. Wird es ihr dennoch gelingen, ihre große Liebe zu leben?   </marc:subfield>
   </marc:datafield>
   <marc:datafield ind1=" " ind2=" " tag="020">
      <marc:subfield code="a">9783492314893</marc:subfield>
      <marc:subfield code="9">9783492314893</marc:subfield>
   </marc:datafield>
</marc:record>
